[Event "EU-ch 4th"]
[Site "Istanbul"]
[Date "2003.06.03"]
[Round "5"]
[White "Istratescu, Andrei"]
[Black "Nikolaidis, Ioannis"]
[Result "1-0"]
[WhiteElo "2593"]
[BlackElo "2498"]
[Annotator "Gofshtein,L"]
[PlyCount "63"]
[EventDate "2003.05.30"]
[EventType "swiss"]
[EventRounds "13"]
[EventCountry "TUR"]
[SourceTitle "CBM 096"]
[Source "ChessBase"]
[SourceDate "2003.09.25"]
[SourceVersion "1"]
[SourceVersionDate "2003.09.25"]
[SourceQuality "1"]

1. e4 {[%mdl 4]} c5 2. Nf3 d6 3. d4 Nf6 4. Nc3 cxd4 5. Nxd4 a6 6. Bg5 e6 7. f4
Qb6 8. Nb3 Nbd7 9. Qd3 {[%cal Yd3h3] A very rare move. The usual line is 9.Qf3}
Qc7 10. a4 $5 $146 {[%mdl 8] A novelty. 10.Be2 gives black a very good
counterplay. White prevents the advance 10...b5.} (10. Be2 b5 11. Bf3 Bb7 12.
O-O-O b4 13. Ne2 e5 14. Kb1 a5 $132 {0-1 Sanchez Almeyra,J-Sunye Neto,J/Mar
del Plata 1994/EXT 97 (40)}) 10... b6 11. Qh3 $5 {Bringing the queen to the
king side and leaving the d3 square for the bishop.} h6 12. Bh4 g6 {It was
worth considering the standard break in the centre - 12...e5 getting a decent
counter chances.} (12... e5 $5 13. f5 Bb7 $132) 13. Bd3 Bg7 14. O-O O-O 15. Kh1
Bb7 16. Rae1 Rae8 {The two opponents are being cautious and bringing their
pieces to the centre.} 17. Bf2 {White passes the bishop to a more active
diagonal.} (17. f5 exf5 18. exf5 g5 19. Bf2 Ne5 $132) 17... Nh5 $5 {Black
tries to start a counterplay, preparing f7-f5.} 18. Be3 Bxc3 {An interesting
although risky move.} (18... f5 $5 19. Nd4 Nc5 $132) 19. bxc3 f5 {Black tries
to activate his pieces, and firstly Bb7.} (19... Qxc3 20. f5 $44) 20. e5 $5 {
White is trying to activate his bishops, and firstly his dark squared bishop.}
(20. Nd2 Qxc3 21. Nc4 Bxe4 22. Nxd6 Bxd3 23. cxd3 Rd8 $132) (20. exf5 exf5 $132
{[%cal Rb7g2,Yd7f6,Yf6e4]}) 20... dxe5 21. fxe5 Nxe5 22. Be2 Qh7 $2 {Black
doesn't stand the heat of the battle and white captures the initiative. After
the active 22...f4 black could get a good position.} (22... f4 23. Bxb6 (23.
Bd2 f3 24. gxf3 Nf4 25. Bxf4 Rxf4 $17) (23. Bd4 f3 24. gxf3 Nf4 25. Qxh6 Nxe2
26. Bxe5 Qxe5 27. Nd4 Ng3+ 28. hxg3 Qxg3 $17) 23... Qxb6 24. Bxh5 Rf5 25. Bd1
Kh7 26. Nd4 Rg5) 23. Bxb6 $16 Nf6 24. Bc5 Ne4 $2 {Black sacrifices an exchange,
and is trying to take over the initiative, but doesn't get enough compensation.
The simple 24...Rf7 kept black in the game.} (24... Rf7 $5) 25. Bxf8 Rxf8 26.
Bd3 $1 {A strong move. White plans to exchange black's active knight. 27.Be4
Be4 28.Nc5 is threatened with a decisive threats.} Ng5 {It's very difficult
for black to defend, as white is an exchange up and black's pawns are weak and
can become a target.} (26... Nf7 27. Qe3 Nfd6 28. Nc5 $36) 27. Qg3 Nd7 28. Qc7
$1 $18 {[%cal Ye1e6] A decisive penetration of the white queen.} Bd5 29. c4 Be4
30. Nd2 Ba8 31. h4 Nf6 32. Qxh7+ {After the queen exchange white takes the
pawn on e6, so black resigned.} 1-0

[Event "Carlos Torre Wimbledon 16th"]
[Site "Merida"]
[Date "2003.12.17"]
[Round "1.1"]
[White "Luther, Thomas"]
[Black "Quesada Perez, Yuniesky"]
[Result "1-0"]
[WhiteElo "2580"]
[BlackElo "2475"]
[Annotator "Gofshtein,L"]
[PlyCount "63"]
[EventDate "2003.12.17"]
[EventType "k.o."]
[EventRounds "4"]
[EventCountry "MEX"]
[SourceTitle "CBM 099"]
[Source "ChessBase"]
[SourceDate "2004.03.30"]
[SourceVersion "1"]
[SourceVersionDate "2004.03.30"]
[SourceQuality "1"]

1. e4 {[%mdl 4]} c5 2. Nf3 d6 3. d4 cxd4 4. Nxd4 Nf6 5. Nc3 a6 6. Bg5 e6 7. f4
Qb6 8. Qd2 {White chooses the usual line. The experimental 8.Nf6 gives black a
good counterplay} (8. Bxf6 $6 gxf6 9. Be2 Qxb2 10. Na4 Qa3 11. c3 Nd7 12. O-O
b5 $17) 8... Qxb2 9. Nb3 Qa3 {9...Nc6 deserves attention} (9... Nc6 $5 10. Bxf6
gxf6 11. Na4 Qa3 12. Nb6 Rb8 13. Nc4 Qa4 14. a3 b5 15. Nxd6+ Bxd6 16. Qxd6
Qxe4+ $17 {Adams,M-Gelfand,B (3) Wijk cm1 1994 1/2 36}) 10. Bxf6 gxf6 11. Be2 {
[%cal Re2h5,Rh5f7]} h5 {Black defends against the possible maneouvre Be2-h5
with the further advance f4-f5. 11...Nc6 is more popular with active
counterplay} (11... Nc6 12. O-O (12. f5 Bg7 13. fxe6 Bxe6 14. Nd5 f5 15. Nc7+
Kd7 16. Nxa8 Rxa8 17. Rd1 fxe4 $15 {Dang Tat Thang-Marte,M Novi Sad olm (08)
VIE-DOM 1990 1-0 49}) 12... Bd7 13. Kh1 h5 14. Nd1 Rc8 15. Ne3 Qb4 16. c3 Qxe4
17. Bd3 Qa4 18. Nc4 Rc7 19. Nb6 $11) (11... Bg7) 12. O-O {A natural move. 12.
h4 was possible as well, as it was played in the game gicen below. Black feels
pretty safe in that case.} (12. h4 Nc6 13. O-O Bd7 14. Nd1 Be7 {1/2-1/2 Luther,
T-Sutovsky,E/New York 1998/CBM 64 (89)}) 12... Nd7 {Leaving the c6 square
vacant for the queen, in case of a possible escape from a3.} (12... Nc6 $5 13.
Kh1 Bd7 14. Qe3 (14. Nb1 Qb4 15. Qe3 Ne7 16. c4 f5 17. a3 Qa4 18. Nc3 Qc6 $132
{Qi,Jingxuan-Karpov,An/Hannover/1983/ (23)}) 14... Rc8 15. Nb1 Qa4 16. c4 Na5
17. Qc3 Nxc4 18. Qxf6 Rh6 19. Qd4 Rh7 $132 {Tal,M-Byrne,R/Leningrad izt/1973/0.
5 (43)}) 13. Kh1 {The immideate 13.f5 not losing time on prophylaxis also
deserves attention} (13. f5 $5 Nc5 (13... Be7 14. Qd4 b5 15. Rf3 (15. Bxb5 axb5
16. Nxb5 Qa4 17. Nc7+ Kf8 $15) 15... Bb7 $13 {1/2-1/2 Guseinov,K-Villavicencio
Martinez,A/Stockholm 2002/CBM 85 ext (56)}) 14. Kh1 Bd7 15. Rab1 $36 {1-0
Kotronias,V-Ilincic,Z/Yerevan 2000/CBM 78/[Tyomkin,D] (28)}) 13... h4 {[%cal
Rh4h3] Black tries to open the white king with ...h3. In case of 13...b6 white
has the initiative after 14.Qd4} (13... b6 14. Qd4 $5 Nc5 (14... Bb7 15. Nb1
$140 (15. f5 $5) (15. f5 $5 {Tyomkin,D}) 15... e5 $13) 15. Qxf6 Rh7 16. f5 $36
{1-0 Sulskis,S-Sutovskij,E/Koszalin 1998/CBM 65 ext (56)}) 14. h3 $5 {White
defends against the unpleasent 14...h3} (14. Bg4 {Kasparov,G} h3 $1 15. Bxh3 (
15. g3 b5) 15... Rxh3 $1 16. gxh3 b5 $44) 14... Be7 {In case of 14...b6 white
carries out a similar plan: 15.Rad1 Bb7 16.f5 Rc8 17.fe fe is similar to
Short-Kasparov} (14... b6 15. Rad1 Bb7 16. f5 Rc8 17. fxe6 fxe6 18. Qd4 $1 $36
{1/2-1/2 Luther,T-Kasimdzhanov,R/Essen 2002/CBM 90/[Tyomkin,D] (41)} (18. Qe3
Qb4 $1)) 15. Rad1 b6 (15... b5 16. Bxb5 axb5 17. Nxb5 Qa4 18. Nc7+ Kf8 19. Nxa8
Qxa8 $13) 16. Qe3 (16. Qd4 $5 {Kasparov,G} Nc5 (16... Bb7 $2 17. Nb1 $1 Qxa2
18. N1d2 $1 $16) 17. e5 dxe5 18. fxe5 f5 $13) 16... Bb7 17. f5 $5 {Immideatly
attacking the position of the black king. 17.Rd4 looks worse as was played in
the game given below} (17. Rd4 $6 Rc8 $17 {[%cal Ga3b2] 0-1 Wells,P-Zhang
Zhong/Szeged 1997/CBM 62}) 17... Rc8 (17... Ne5 $6 18. Qxb6) 18. fxe6 fxe6 19.
Bg4 {[%csl Ye6][%cal Rg4e6]} Qb2 $5 {18...Nc5 is also interesting to test, as
the next variations show black has a fine counterplay.} (19... Nc5 $1 20. Qd4 (
20. Nxc5 $2 Qxc5 21. Qxc5 Rxc5 22. Rd3 Kf7 $19) 20... Nxb3 21. cxb3 Qc5 22. Na4
Qxd4 23. Rxd4 Kf7 24. Nxb6 Rc2 $15) 20. Rd3 (20. Ne2 $2 Qe5 21. Nf4 f5 $17)
20... f5 $1 (20... Ne5 $2 21. Bxe6 Nxd3 22. Bxc8 Bxc8 23. Qxd3 $14) 21. exf5 $5
$146 {[%mdl 8] White plays a promising novelty. In case of 21.Rb1 as the
variations show black gets a counterplay.} (21. Rb1 Qxb1+ $5 (21... Qxc2 $2 22.
Bd1 $16) (21... Qa3 $5 22. exf5 Ne5 23. fxe6 Nxd3 24. Qxd3 Qb4) 22. Nxb1 fxg4
23. hxg4 h3 $44 {1/2-1/2 Short,N-Kasparov,G/Riga 1995/CBM 47}) 21... Ne5 (21...
Qxc2 22. Rf2 Rxc3 23. Rxc3 Qe4 24. Rc8+ $5 (24. fxe6 $16)) 22. f6 $5 {[%mdl
128]} Qxc2 (22... Nxd3 $2 23. Qxe6 $1 Rc7 24. fxe7 Rxe7 25. Qg6+ Kd8 26. Qxd6+
Ke8 27. Qb8+ $18) 23. f7+ $5 {White carries out the attack inventively} Nxf7 (
23... Kf8 24. Be2 Nxd3 25. Nd4 $36) 24. Rf2 Qxd3 $6 {24...Rc3 looks more
stubborn although white has still has the initiative} (24... Rxc3 25. Rxc2 (25.
Rxc3 Qe4 26. Qxe4 Bxe4 27. Bxe6 $16) 25... Rxc2 26. Qxe6 (26. Rd2)) 25. Qxd3
Ne5 26. Qd4 {[%cal Rg4e6,Rd4b6] Material and positional advantage promise
white a winning position} Nxg4 (26... Rc4 27. Qxb6 Nxg4 28. hxg4 Bc8 29. Ne4
$18) 27. hxg4 Kd7 28. Rf7 $18 e5 29. Qxb6 Rb8 30. Nc5+ dxc5 31. Qxc5 Rhe8 32.
Nd5 1-0

[Event "Dresden Post 5th"]
[Site "Dresden"]
[Date "1985.11.29"]
[Round "9"]
[White "Goldberg, Alexander"]
[Black "Polovodin, Igor A"]
[Result "1-0"]
[WhiteElo "2325"]
[BlackElo "2430"]
[Annotator "Goldberg,A"]
[PlyCount "55"]
[EventDate "1985.11.21"]
[EventType "tourn"]
[EventRounds "11"]
[EventCountry "DDR"]
[EventCategory "4"]
[SourceTitle "EXT 2006"]
[Source "ChessBase"]
[SourceDate "2005.11.24"]
[SourceVersion "1"]
[SourceVersionDate "2005.11.24"]
[SourceQuality "1"]

{SCHACH 2/1986} 1. e4 c5 2. Nf3 d6 3. d4 cxd4 4. Nxd4 Nf6 5. Nc3 a6 6. Bg5 e6
7. f4 Qb6 8. Qd2 Qxb2 9. Rb1 Qa3 10. Be2 {Die international gebräuchlichste
Fortsetzung.} ({Spielbar sind auch} 10. e5) ({und} 10. f5) 10... Nbd7 11. O-O
Qc5 ({Auf} 11... Be7 {folgt Tals Zug} 12. e5 $1 dxe5 13. fxe5 Nxe5 14. Bxf6
Bxf6 15. Rxf6 {mit starkem weissen Angriff.}) 12. Kh1 Be7 13. Bf3 ({Zu
interessanten Verwicklungen führt} 13. f5 e5 14. Ne6 $5 {Doch wollte ich
meinen Gegner aus den vorbereiteten Theorievarianten herausbringen.}) 13... O-O
14. Bh4 {Verfolgt die Pläne, mit Rbe1 und Bg3 e4-e5 durchzusetzen bzw. g4-g5.}
Qc7 15. g4 Nxe4 $6 {Schwarz nimmt das "Geschenk" an,} ({doch sollte er lieber
mit} 15... Kh8 {und Ng8 verteidigen.}) 16. Bxe4 Bxh4 17. g5 $1 {Jetzt sitzt
der Bh4 in der Falle, es droht Nf3.} Nc5 18. Bg2 ({Auf} 18. Nf3 Nxe4 19. Nxe4
Qc6 {kann Schwarz Gegenspiel organisieren.}) 18... f6 19. Nf3 fxg5 20. fxg5
Rxf3 21. Rxf3 Qe7 {Es drohte 22. Rh3,} ({falls} 21... e5 {so} 22. Nd5) 22. Rbf1
Bd7 23. Rf7 Bxg5 (23... Qxf7 24. Rxf7 Kxf7 25. Qf4+) ({oder} 23... Qxg5 24.
Qxd6 {mit Gewinn.}) 24. Qf2 $1 Qe8 25. Qg3 Bh6 26. Qxd6 {Figurenverlust ist
nicht zu vermeiden.} Na4 27. Re7 Qc8 28. Rxd7 {und Schwarz überschritt in
hoffnungsloser Lage die Bedenkzeit.} 1-0

[Event "Bayern-chI Bank Hofmann 20th"]
[Site "Bad Wiessee"]
[Date "2016.11.05"]
[Round "8"]
[White "Zhigalko, Andrey"]
[Black "Areshchenko, Alexander"]
[Result "0-1"]
[WhiteElo "2584"]
[BlackElo "2675"]
[Annotator "Gutman,L"]
[PlyCount "68"]
[EventDate "2016.10.29"]
[EventType "swiss"]
[EventRounds "9"]
[EventCountry "GER"]
[SourceTitle "CBM 176"]
[Source "ChessBase"]
[SourceDate "2017.01.17"]
[SourceVersion "1"]
[SourceVersionDate "2017.01.17"]
[SourceQuality "1"]

1. e4 c5 2. Nf3 d6 3. d4 cxd4 4. Nxd4 Nf6 5. Nc3 a6 6. Bg5 e6 7. f4 Qb6 8. Qd2
Qxb2 9. Rb1 Qa3 10. e5 h6 11. Bh4 dxe5 12. fxe5 g5 $5 (12... Nd5 13. Nxd5 exd5
14. e6 Bxe6 15. Rxb7 Bd6 16. Nxe6 fxe6 17. Be2 O-O 18. Qd4 $14 {Karjakin-Anand,
moskau 2013}) ({Nachhaltiger erscheint} 12... Nfd7 $5 13. Ne4 Qxa2 14. Rd1 Qd5
15. Qe3 Qxe5 16. Be2 Bc5 17. Bg3 Qd5 18. c4 Bxd4 19. Rxd4 Qa5+ 20. Rd2 O-O 21.
Bd6 f5 22. Bxf8 Nxf8 23. Nd6 Nbd7 24. g4 (24. Bf3 $5 Qa1+ 25. Rd1 Qe5 26. Kf2
Qxe3+ 27. Kxe3 Nc5 28. Rd2 a5 29. Rb1 a4 30. Rb5 Nfd7 31. g4 $14 {Parimarjan
Negi, 1.e4 vs The Sizilian I, Quality Chess 2015}) 24... fxg4 25. Bxg4 $5 (25.
O-O Qe5 26. Qf2 Nf6 27. Bxg4 Qg5 28. Kh1 $11 {Ntirlis-Bordier, corr 2014})
25... Qa1+ (25... Qe5 $5 26. Be2 Qa1+ 27. Rd1 Qa5+ $11) 26. Rd1 (26. Bd1 $5 Qe5
27. Kf2) 26... Qe5 (26... Qa5+ 27. Ke2 Ne5 28. Ra1 Nxg4 29. Rxa5 Nxe3 30. Kxe3
$14 {Konstantin Landa}) 27. Rd3 $2 (27. Ke2 a5 $5 (27... Qxe3+ 28. Kxe3 Ne5 29.
Bh5 a5 30. Kd4 Nfd7 31. Rhg1 $14) 28. Nxc8 Qxe3+ 29. Kxe3 Rxc8 30. Rxd7 Nxd7
31. Bxe6+ Kf8 32. Bxd7 Rxc4 $11 {Landa}) 27... Nc5 $19 {Najer-Vachier Lagrave,
Dortmund 2016}) 13. exf6 (13. Bf2 $5 {wird von Negi favorisiert.}) (13. Bg3 $5
Nh5 14. Ne4 Nd7 15. Rb3 {brachte Weiß Erfolg in Radjabov-Grischuk, Tbilisi
2015, und wird empfohlen von Wei Ming, The Sicilian Najdorf 6.Bg5, Everyman
Chess, 2014, wie auch Negi in seinem Buch und Matthew Sadler in der Rubrik,
Sadler on Books, New in Chess, 4, 2015}) 13... gxh4 14. Be2 Qa5 (14... h3 $5 {
wurde von Lubomir Ftacnik angegeben.}) 15. O-O Nd7 16. Rbd1 (16. Kh1 Qg5 17.
Qe1 (17. Rf4 e5 18. Nd5 exd4 19. Qxd4 (19. Nc7+ Kd8 20. Nxa8 d3 21. Bxd3 Bd6
22. Rbf1 Bxf4 23. Rxf4 h3 24. gxh3 Qd5+ 25. Qg2 Qd6 26. Qf2 Re8 $17 {
Bromberger-Areshenko, BL 2010/11}) 19... Kd8 20. Bg4 Bc5 21. Qd2 Bd6 $15 {
Duda-Wojtaszek, Warschau 2014}) 17... Nxf6 (17... h3 $5 18. gxh3 Qe5 {
Swierz-Areshchenko, POL chT 2014}) 18. Nf3 Qc5 19. Na4 Qc7 20. Nb6 Rb8 21. Qxh4
Be7 22. Qd4 Rg8 (22... O-O 23. Ne5 Bc5 24. Qf4 $16) 23. Ne5 Rg5 24. Ng4 (24.
Nec4 e5 25. Qh4 Rg6 26. Bd3 e4 27. Bxe4 Rg4 28. Qxh6 Nxe4 29. Qh8+ Bf8 30. Ne5
(30. Nd5 Qxc4 31. Qe5+ Be6 32. Qxb8+ Qc8 33. Rxb7 Qxb8 34. Rxb8+ Kd7 $15 {
Dejan Pikula, INF 122}) 30... Rg7 31. Nxf7 Rxf7 32. Rxf7 Qxf7 33. Qe5+ Qe6 34.
Qxb8 Bc5 35. Nxc8 (35. Qxc8+ Qxc8 36. Nxc8 Nf2+ 37. Kg1 Ne4+) 35... Nf2+ 36.
Kg1 Nd1+ 37. Kf1 Qc4+ 38. Ke1 Qe4+ 39. Kxd1 Qd4+ 40. Ke2 Qf2+ $11) 24... Nxg4
25. Bxg4 f5 $2 (25... Bc5 26. Qh8+ Bf8 27. Bf3 Ke7 28. h4 (28. Qd4 Bg7 29. Qd3
$11) 28... Bg7 29. Nxc8+ Rxc8 30. Qh7 Rh8 31. Qe4 Rb5 32. Rxb5 axb5 33. Bh5 Rf8
34. Qb4+ Qd6 $11) 26. Bxf5 exf5 27. Rbe1 $18 {Wei Yi - Robson, Las Vegas 2014})
16... h3 (16... Bb4 17. Qe3 Bxc3 18. Nxe6 fxe6 19. Qxe6+ Kd8 20. Qe7+ Kc7 21.
Qd6+ Kd8 22. f7 Bg7 23. f8=Q+ Bxf8 24. Rxf8+ Rxf8 25. Qxf8+ Kc7 26. Qd6+ Kd8
27. Bg4 Qb5 28. c4 Qc6 29. Qf8+ Kc7 30. Qf4+ Kd8 31. Kh1 h5 32. Bxh5 h3 33.
Qh4+ Kc7 34. Qg3+ Kd8 35. Qxh3 Qxc4 36. Bg4 Qa4 37. a3 Kc7 38. Qg3+ Kb6 39.
Qd6+ Qc6 40. Qb4+ Ka7 41. Bxd7 Bxd7 42. Qd4+ Qb6 43. Qxd7 $14) 17. Qd3 $5 {
Empfohlen von Ftacnik.} (17. g3 Bb4 18. Qe3 Bxc3 19. Nxe6 fxe6 (19... Qe5 $2
20. Nc7+ Kf8 21. Qxe5 Bxe5 22. Nxa8 Nxf6 23. Nb6 $16 {Wei Yi-Areshchenko, Baku
2015}) 20. Qxe6+ Kd8 21. Qe7+ Kc7 22. Qd6+ Kd8 23. f7 Bg7 24. Bg4 Qb5 25. f8=Q+
Rxf8 26. Rxf8+ Bxf8 27. Qxf8+ Kc7 28. Qd6+ Kd8 $11 {Czarnota-Moranda, Polen
2015}) 17... Qe5 18. Bf3 Nc5 $6 ({Vorsichtiger wäre} 18... Bc5 19. Ne4 Ba7 20.
g3 O-O $11) 19. Qc4 Bd6 20. g3 Bd7 21. Nf5 $6 ({Bessere Aussichten versprach} 
21. Rfe1 Qxf6 22. Nd5 $5 (22. Bh5 O-O 23. Nb3 Qe7 24. Rxd6 Qxd6 25. Nxc5 (25.
Qxc5 Qxc5+ 26. Nxc5 Bc6 $11) 25... Bb5 (25... Qd2 26. Re2 Qc1+ 27. Kf2 Bc6 28.
N3e4 $14) 26. Qg4+ Kh8 27. Nb3 Qb6+ 28. Qd4+ Qxd4+ 29. Nxd4 Rac8 30. Ncxb5 axb5
31. Re4 Ra8 32. Be2 Rxa2 33. Bxb5 Rd8 34. Kf2 e5 35. Ne2 Rxc2 36. Rxe5 Kg7 $11)
22... Qg5 23. Qc3 O-O 24. Nf5 exd5 25. Nxd6 Na4 26. Qd4 Bc6 27. c4 Rad8 28. Re5
Qf6 29. Nf5 $14) 21... Bf8 (21... Qxf5 22. Bxb7 (22. Rxd6 Qe5 23. Rd2 Rc8 24.
Re2 Nd3 25. Rxe5 Rxc4 26. cxd3 Rxc3 27. Bxb7 Bb5 $11) 22... Qxf1+ 23. Rxf1 Nxb7
24. Ne4 $14) 22. Ne7 $6 ({Zum Ausgleich reichte} 22. Ng7+ Kd8 23. Bh5 Qe3+ 24.
Rf2 b5 25. Qb4 (25. Qd4 Qxd4 26. Rxd4 Rh7 27. Bxf7 Bxg7 28. fxg7 Rxg7 29. Bh5
Ke7) 25... Kc8 26. Qd4 (26. Bxf7 Nd3 27. Rxd3 Qxd3 28. cxd3 Bxb4 29. Ne4 e5)
26... Qxd4 27. Rxd4 e5 $11) 22... Bxe7 ({Jedoch nicht} 22... b5 $2 23. Qh4 Qe3+
24. Kh1 Rb8 25. Ncd5 exd5 26. Nxd5 $16) 23. fxe7 Rc8 24. Rde1 $2 ({Das
kleinere Übel wäre} 24. Rfe1 b5 (24... Ne4 $2 25. Qd3) 25. Rxe5 bxc4 26. Rd4
Kxe7 27. Kf2 Bb5 28. Nd5+ Kf8 29. Nb6 Rc7 $15) 24... Ne4 $6 ({Schwarz verpasst
} 24... Nd3 $1 25. Qxd3 (25. Rxe5 Rxc4 26. cxd3 Rxc3 27. Bxb7 Bb5) 25... Qxc3
26. Bxb7 Bb5 27. Qd1 Rg8 $17 {Schneider, Schach}) 25. Qxe4 Qxc3 26. Qxb7 ({
Mehr Spannung versprach} 26. Qh4 Rc4 27. Qxh3 Qd4+ 28. Kh1 Rxc2 29. Rd1 Qb4 30.
a3 (30. Qh5 Rc5) 30... Qxe7 31. Qg4 Bb5 32. Qg7 Rf8 33. Rfe1 Qc5 34. Re5 Qc8
$15) 26... Kxe7 27. Rd1 (27. Qxa6 Rhd8 28. Be4 Qc5+ 29. Rf2 Bc6 30. Bxc6 Rxc6
$15) 27... Rhd8 28. Rf2 Qc5 $6 (28... Rc7 29. Qxa6 (29. Qe4 Bb5 $17) 29... Bc8
30. Qf1 Rxd1 31. Bxd1 f5 32. Qxh3 Qd4 $15) 29. Bg4 $2 ({Zum remis führte} 29.
c4 Qxc4 30. Be2 Qc3 31. Qe4 Be8 32. Qh4+ f6 33. Rxf6 Qxf6 34. Qb4+ Kf7 35. Rf1
Rc1 36. Rxc1 Qd4+ 37. Qxd4 Rxd4 38. Bxa6 Rd2 39. Bf1 $11) 29... Rc7 30. Qf3 (
30. Qxa6 h5 $17) 30... f5 31. Qf4 (31. Bxh3 Bc6 32. Qh5 Rxd1+ 33. Qxd1 Rd7 34.
Qc1 Rd4 35. Bg2 Qd6 $17) 31... Bb5 32. Re1 $2 (32. a4 Rxd1+ 33. Bxd1 Bc4 34.
Qh4+ Kd6 35. Qxh6 Qd4 36. Qd2 Qxd2 37. Rxd2+ Ke5 $15) 32... Qc3 33. Bxh3 (33.
Rxe6+ Kxe6 34. Bxf5+ Kf7 (34... Ke7 $2 35. Qh4+ Qf6 36. Qe4+ Kf8 37. Bg4 Qxf2+
38. Kxf2 Rf7+ 39. Bf5 Rd2+ 40. Kf3 Rxh2 $11) 35. Bxh3+ Kg7 $19) 33... Qxe1+ 34.
Rf1 Qc3 0-1

[Event "Tel Aviv ASA"]
[Site "Tel Aviv"]
[Date "1996.??.??"]
[Round "5"]
[White "Liss, Eran"]
[Black "Zoler, Dan"]
[Result "1-0"]
[WhiteElo "2525"]
[BlackElo "2460"]
[Annotator "Har Zvi,R"]
[PlyCount "69"]
[EventDate "1996.08.??"]
[EventType "tourn"]
[EventRounds "9"]
[EventCountry "ISR"]
[EventCategory "8"]
[SourceTitle "CBM 055 Extra"]
[Source "ChessBase"]
[SourceDate "1997.01.01"]
[SourceVersion "1"]
[SourceVersionDate "1997.01.01"]
[SourceQuality "1"]

1. e4 c5 2. Nf3 d6 3. d4 cxd4 4. Nxd4 Nf6 5. Nc3 a6 6. Bg5 e6 7. f4 Qb6 8. Nb3
Nbd7 9. Qf3 Qc7 10. O-O-O (10. a4 b6 11. Bd3 Bb7 12. O-O Be7 13. Qh3 (13. Rae1
h6 (13... O-O $6 14. Qh3 $1 e5 15. Nd5 Bxd5 16. exd5 Rfe8 17. Nd2 g6 18. f5 $18
{Shabalov,A-Chachere,L Genf op 1992}) 14. Bh4 g5 15. Bg3 gxf4 16. Bxf4 Ne5 17.
Qe2 Nfd7 18. Nd2 Bg5 19. Bg3 h5 $13 {Renet,O-Olafsson,H Reykjavik 1992}) 13...
h6 14. Bh4 O-O 15. Nd4 Qc5 16. Bf2 Qh5 $13 {Sax,G-Nunn,J Hastings 1977}) 10...
b5 11. Bd3 Bb7 (11... b4 12. Ne2 Bb7 13. Kb1 Be7 14. g4 a5 15. Bxf6 Bxf6 16.
Bb5 $1 Rd8 17. Ng3 $40 {Kostadinov,K-Peterv,V Corr BUL/ch 1990}) 12. Rhe1 Be7
13. a3 h6 14. Bh4 {a novelty according to my data} (14. Qh3 Rc8 (14... O-O-O
15. Bxf6 (15. Bh4 g5 16. Bf2 gxf4 17. Bxb5 $6 axb5 18. Nxb5 Qc4 19. Na7+ Kb8
20. Na5 Qa6 21. Qb3 Ne5 $17 {Masserey,Y-Van Wely,L Horgon-B 1995}) 15... Nxf6 (
15... Bxf6 16. Bxb5 $1 Bxc3 17. Bxd7+ Rxd7 18. Qxc3 (18. bxc3 $5) 18... Qxc3
19. bxc3 g5 $1 20. g3 gxf4 21. gxf4 Rg8 $13 {Van der Wiel}) 16. Nd5 $1 Nxd5 17.
exd5 Bxd5 18. Bxb5 Bb7 $8 19. Bf1 Kb8 $6 (19... Bf6 $1 {Xd4}) 20. Rd4 $1 $16 {
Van der Wiel,Portisch,L Rotterdam 47/327}) 15. Nd4 $2 (15. Re2 $1 Rg8 16. Bxf6
Bxf6 $2 17. Bxb5 $1 {Piket,Je}) 15... Qb6 16. Nxe6 fxe6 17. e5 dxe5 18. Bg6+
Kd8 19. fxe5 Nd5 20. Bxe7+ Nxe7 21. Bf7 Rxc3 22. Qxc3 Bd5 $17 {Kamsky,
G-Lyubojevic,L Boenos Aires 62/299 [Piket,Je] 1994}) 14... Rc8 (14... O-O-O)
15. Qh3 $1 g5 $4 {just a blunder,black probably had forgotten that now this
move is possible, since normally g5 is played after 0-0-0!} (15... O-O 16. g4
$5 (16. Kb1) 16... Nc5 $5 17. Kb1 $1 (17. g5 $2 Nfxe4 $1 18. Nxe4 (18. gxh6 $2
Nxb3+ $19) 18... Bxe4 $1 (18... Nxb3+ $2 19. Kb1 $40) 19. Rxe4 (19. Bxe4 Nxe4)
19... Nxb3+ 20. Kb1 Nc5) 17... Nxb3 18. cxb3 $40) 16. Bxg5 Nc5 17. Nxc5 Qxc5
18. e5 $1 {white continues his attack the game is over} dxe5 (18... Nd5 19. Ne4
$18) 19. Rxe5 Qf2 (19... Qc7 20. Bg6 $3 {and there is no move for black at
all! if 20...fxg6 21.Bxf6 Bxf6 22.Qxe6 winning}) 20. Re2 $1 {if the queens
move than f5 is the end,black thought he can play Bxg2 but he had the second
and the last surprise for this game} Bxg2 21. Qxh6 Rxh6 22. Rxf2 {two pieces
are hanging now there is no defence} Rxh2 23. Rg1 {this was a very good moment
to resign!} Bc5 (23... Rh1 24. Rfxg2) 24. Rgxg2 Be3+ 25. Kb1 Rh1+ 26. Rf1 Rxf1+
27. Bxf1 Nd7 28. f5 Bxg5 29. Rxg5 Ke7 30. fxe6 fxe6 31. Rg7+ Kd6 32. Ne4+ Kc6
33. Bg2 Rd8 34. Ng5+ Kd6 35. Nf7+ 1-0